000 00812cam a2200265 i 4500
001 818920
003 OSt
005 20150408113926.0
008 761014s1977 njua b 001 0 eng
010 _a 76048915
020 _a9780132160520
040 _aDLC
_cDLC
_dDLC
050 0 0 _aQA39.2
_b.S688
082 0 0 _a512.1
100 1 _aStanat, Donald F.,
_d1937-
_95056
245 1 0 _aDiscrete mathematics in computer science /
_cDonald F. Stanat, David F. McAllister.
260 _aEnglewood Cliffs, N.J. :
_bPrentice-Hall,
_cc1977.
300 _axiii, 401 p. :
_bill. ;
_c25 cm.
500 _aIncludes index.
504 _aBibliography: p. 391-392.
650 0 _aMathematics.
650 0 _aElectronic data processing.
700 1 _aMcAllister, David F.,
_d1941-
_ejoint author.
_95057
942 _2ddc
_cBOOK
999 _c15522
_d250022